Catholic Trivia I Quiz Stats

Quiz not verified by Sporcle

Challenge
Share
Tweet
Embed
Score 0/0 Timer 00:00
0 Plays Today
% Correct
lust
75.6%
charity
73.5%
charity
72.3%
greed
68.9%
gluttony
68.9%
sloth
68.3%
envy
63.4%
faith
59.6%
anger
59.6%
pride
57.9%
Nativity
57.7%
Resurrection
57.1%
hope
56.3%
Annunciation
52.1%
Ascension
49.8%
Crucifixion
49.8%
feed the hungry
48.7%
Assumption
47.8%
Baptism of the Lord
47.5%
Visitation
47.2%
wisdom
46.7%
clothe the naked
45.2%
Coronation
44.2%
Finding in the Temple
43.9%
death
43.1%
Agony in the Garden
42.9%
Scourging at the Pillar
41.9%
fortitude
40.5%
Presentation
40.5%
Crowning with Thorns
40.2%
Carrying of the Cross
39.4%
patience
38.3%
Wedding Feast at Cana
35.9%
visit the imprisoned
35%
visit the sick
34.7%
Transfiguration
34.2%
% Correct
Decent of the Holy Spirit
34.2%
fortitude
33.1%
fear of the Lord
33%
give drink to the thirsty
32.9%
kindness
32.8%
counsel
32.7%
knowledge
32.5%
bury the dead
32%
Institution of the Holy Eucharist
30.8%
judgment
30.7%
heaven
30.2%
hell
29.2%
temperance
28.7%
peace
28.7%
gentleness
27.7%
understanding
27.5%
prudence
27.3%
joy
27%
chastity
24.8%
piety
24.4%
shelter the homeless
24%
justice
22%
Preaching of the Kingdom
21.7%
goodness
16.4%
instruct the ignorant
16.2%
self control
15.6%
pray for the living and the dead
15.5%
admonish the sinner
15%
counsel the doubtful
12.3%
generosity
11.3%
faithfulness
10.7%
modesty
8.7%
comfort the sorrowful
8.4%
bear wrongs patiently
7.3%
forgive injuries
3.5%

You're not logged in!

Compare scores with friends on all Sporcle quizzes.
Sign Up with Email
OR
Log In

You Might Also Like...

Show Comments

Extras

Curator's Pick Mar 26, 2014ReportNominate
Tags:Catholicism Quiz, catholic, common, teaching

Top Quizzes Today


Score Distribution

Your Account Isn't Verified!

In order to create a playlist on Sporcle, you need to verify the email address you used during registration. Go to your Sporcle Settings to finish the process.

Report this User

Report this user for behavior that violates our Community Guidelines.

Details: